WWE finishers - Statistics

General Stats
  • This quiz has been taken 765 times
  • The average score is 11 of 15
Answer Stats
Hint Answer % Correct
Kane Chokeslam
92%
Triple H Pedigree
92%
The Rock Rock Bottom
91%
Shawn Michaels Sweet Chin Music
91%
Undertaker Tombstone
91%
Brock Lesnar F-5
89%
John Cena Attitude Adjustment
86%
Stone Cold Steve Austin Stunner
85%
CM Punk Go To Sleep
81%
Ryback Shell Shock
71%
Big Show W.M.D.
63%
Beth Phoenix Glam Slam
45%
Alberto Del Rio Cross Armbreaker
43%
Daniel Bryan No Lock
34%
Kelly Kelly K2
19%
No matching quizzes found
Score Distribution
Percent of People with Each Score
Percentile by Number Answered
Your Score History
You have not taken this quiz